Capital.
محفوظ في:
| التنسيق: | دورية |
|---|---|
| اللغة: | French |
| منشور في: |
Paris.
|
| الموضوعات: | |
| الوسوم: |
إضافة وسم
لا توجد وسوم, كن أول من يضع وسما على هذه التسجيلة!
|
| Thư viện lưu trữ: | Mạng thư viện Đại học Đà Nẵng |
|---|
| LEADER | 00627cas a2200289 a 4500 | ||
|---|---|---|---|
| 001 | 000043234 | ||
| 003 | 1109 | ||
| 005 | 20110823105132.0 | ||
| 008 | 110823b vm 000 fre | ||
| 022 | |a 1162-6704 | ||
| 040 | |a IRC |c IRC |d IRC | ||
| 041 | 0 | |a fre | |
| 082 | 1 | 4 | |a 330.05 |b Cap |
| 245 | 0 | 0 | |a Capital. |
| 260 | |a Paris. | ||
| 300 | |c 27 cm. | ||
| 630 | 0 | 4 | |a Economics. |
| 650 | 0 | 4 | |a Capital |v Periodical. |
| OWN | |a DUT | ||
| 999 | |a From the UDN01 | ||
| TYP | |a Printed language | ||
| 980 | |a Mạng thư viện Đại học Đà Nẵng | ||